• 首页
  • 本馆介绍
  • 公告通知
  • 最新文献
  • 馆藏检索
  • 电子资源
  • 读者荐购
  • 参考咨询
  • CALIS
  • 我的图书馆
  • 登录
  • 详细信息显示
  • 放入我的书架
  • 预约/预借图书
  • 作者相关作品
  • 分类相关作品
  • 丛书相关作品
  • 出版社相关作品

书目信息

  • 表格格式
  • 工作单格式
  • 卡片格式
题名:
中国流行语2009发布榜
    
 
作者: 周勇闯 主编 ;文汇新民联合报业集团新闻信息中心 发布
分册:  
出版信息: 上海   文汇出版社  2009.05
页数: 244页
开本: 23cm
丛书名:
单 册:
中图分类: H136.4
科图分类:
主题词: 汉语--han yu--社会习惯语--汇编
电子资源:
ISBN: 978-7-80741-569-5
 
 
 
 
 
000 01203nam0 2200253 450
001 012009241267
005 20090622120814.53
010    @a978-7-80741-569-5@dCNY30.00
100    @a20090622d2009 km y0chi0120 ea
101 0  @achi
102    @aCN@b310000
105    @aac z 000yy
106    @ar
200 1  @a中国流行语2009发布榜@Azhong guo liu xing yu 2009 fa bu bang@f文汇新民联合报业集团新闻信息中心发布@Fwen hui xin min lian he bao ye ji tuan xin wen xin xi zhong xin fa bu
210    @a上海@c文汇出版社@d2009.05
215    @a244页@c图, 肖像@d23cm
314    @a版权页题 : 周勇闯主编
330    @a2008年中国流行语依然在社会各个方面、各个层面流淌与拓展。从本年席发布榜24个类别的流行语中可以看出,2008年的大喜大悲没有阻碍生活本身的多元与精彩。但是,历史是在流行中凝固的。有的词语,轻盈地流行,飞快地消失;有的词语,沉重地流行,逐渐地凝固。相信,历史将会从2008年的流行语中找到其相应的标识语。
606 0  @a汉语@Ahan yu@x社会习惯语@j汇编
690    @aH136.4@v4
701  0 @a周勇闯@Azhou yong chuang@4主编
712 02 @a文汇新民联合报业集团新闻信息中心@Awen hui xin min lian he bao ye ji tuan xin wen xin xi zhong xin@4发布
801  0 @aCN@bQSSK@c20090622
905    @b744002-04@dH136.4@eZ810@f3
    
    中国流行语2009发布榜/文汇新民联合报业集团新闻信息中心发布.-上海:文汇出版社,2009.05
    244页:图, 肖像;23cm
    
    
    ISBN 978-7-80741-569-5:CNY30.00
    2008年中国流行语依然在社会各个方面、各个层面流淌与拓展。从本年席发布榜24个类别的流行语中可以看出,2008年的大喜大悲没有阻碍生活本身的多元与精彩。但是,历史是在流行中凝固的。有的词语,轻盈地流行,飞快地消失;有的词语,沉重地流行,逐渐地凝固。相信,历史将会从2008年的流行语中找到其相应的标识语。
●
相关链接 在E读中查询图书 在当当中查询图书 在豆瓣中查询图书


正题名:中国流行语2009发布榜     索取号:H136.4/Z810         预约/预借

序号 登录号 条形码 馆藏地/架位号 状态 备注
1 744002   207440027   语言库209/209语言库 73排2列2层/ [索取号:H136.4/Z810] 在馆    
2 744003   207440036   语言库209/209语言库 73排2列2层/ [索取号:H136.4/Z810] 在馆    
3 744004   207440045   语言库209/209语言库 73排2列2层/ [索取号:H136.4/Z810] 在馆    
河南城建学院图书馆 欢迎您!
大连网信软件有限公司© 版权所有